Jupiler Pro League Teams 2024-2025 - Statistics

General Stats
  • This quiz has been taken 113 times
  • The average score is 13 of 16
Answer Stats
Answer % Correct
Club Brugge
94%
RSC Anderlecht
94%
KRC Genk
93%
KAA Gent
92%
Cercle Brugge
91%
Royal Antwerp FC
87%
Sporting Charleroi
87%
Standard Luik
84%
Royal Union Saint-Gilloise
82%
KV Kortrijk
72%
Oud-Heverlee Leuven
71%
Sint-Truiden VV
71%
Beerschot
69%
Dender
69%
KV Mechelen
68%
KVC Westerlo
66%
No matching quizzes found
Score Distribution
Percent of People with Each Score
Percentile by Number Answered
Your Score History
You have not taken this quiz